000 00381nam a22001337a 4500
005 20170522141741.0
008 170522b xxu||||| |||| 00| 0 eng d
040 _cPK-LaUMT
082 _aZIAC 297.07
_bALW-
245 _aAl wajaiz fi Islamiya tul maroof/
260 _aبیروت:
_bالمعھد العالمی للفکر الاسلامی،
_c1987
300 _a131 ص
942 _cBK
999 _c93873
_d93873